[Event "Wch Seniors 65 28th"]
[Site "Bled"]
[Date "2018.11.20"]
[Round "3"]
[White "James, Kevin"]
[Black "Vikulov, Alexander Sergeevic"]
[Result "1/2-1/2"]
[WhiteElo "1929"]
[BlackElo "2127"]
[PlyCount "55"]
[EventDate "2018.11.18"]
[EventType "swiss"]
[EventRounds "11"]
[EventCountry "SLO"]
[SourceTitle "CBM 187 Extra"]
[Source "ChessBase"]
[SourceDate "2018.11.04"]
[SourceVersion "1"]
[SourceVersionDate "2018.11.04"]
[SourceQuality "1"]

1. d4 Nf6 2. c4 c5 3. d5 e6 4. Nc3 exd5 5. cxd5 Bd6 6. e4 0-0 7. Bd3 Re8 8. Nge2 Bc7 9. 0-0 d6 10. h3 Nbd7 11. f4 c4 12. Bc2 Bb6+ 13. Kh1 Nh5 14. Rf3 Qh4 15. Be3 Bxe3 16. Rxe3 a6 17. Qe1 Qxe1+ 18. Rxe1 b5 19. g4 Nhf6 20. Ng3 Nc5 21. g5 Nfd7 22. Nf5 Nb7 23. e5 dxe5 24. fxe5 Ndc5 25. Nd4 Nd8 26. Ne4 Nxe4 27. Bxe4 Ra7 28. Bg2 1/2-1/2

[Event "Minsk Amateur op"]
[Site "Minsk"]
[Date "2018.06.26"]
[Round "3"]
[White "Vikulov, Alexander Sergeevic"]
[Black "Karlov, Egor"]
[Result "1-0"]
[WhiteElo "2184"]
[BlackElo "1760"]
[PlyCount "81"]
[EventDate "2018.06.25"]
[EventType "swiss"]
[EventRounds "9"]
[EventCountry "BLR"]
[SourceTitle "CBM 185 Extra"]
[Source "ChessBase"]
[SourceDate "2018.07.29"]
[SourceVersion "1"]
[SourceVersionDate "2018.07.29"]
[SourceQuality "1"]

1. d4 Nf6 2. c4 g6 3. Nc3 Bg7 4. Bg5 d6 5. e3 0-0 6. Nf3 Nbd7 7. h3 c6 8. Be2 e5 9. 0-0 Qa5 10. Bh4 Re8 11. Qc2 Nf8 12. Bd3 h6 13. Rab1 g5 14. b4 Qc7 15. Bg3 Nh5 16. Bh2 Qd7 17. g4 Nf6 18. Bf5 Qc7 19. c5 Bxf5 20. Qxf5 N6d7 21. Ne4 dxc5 22. bxc5 Re6 23. Nd6 Rf6 24. Qe4 Rb8 25. Nf5 Re6 26. Nxg7 Kxg7 27. Nxe5 f6 28. Nxd7 Qxd7 29. Qc2 Rbe8 30. Rb3 Ng6 31. Rfb1 R8e7 32. Bg3 Qc8 33. Qb2 Kf7 34. Bd6 Rd7 35. Rxb7 Rxb7 36. Qxb7+ Qxb7 37. Rxb7+ Ke8 38. Rxa7 Ne7 39. Rxe7+ Rxe7 40. Bxe7 Kxe7 41. Kg2 1-0

[Event "Minsk Amateur op"]
[Site "Minsk"]
[Date "2018.06.25"]
[Round "1"]
[White "Vikulov, Alexander Sergeevic"]
[Black "Tsvetkova, Vladislava"]
[Result "0-1"]
[WhiteElo "2184"]
[BlackElo "1702"]
[PlyCount "78"]
[EventDate "2018.06.25"]
[EventType "swiss"]
[EventRounds "9"]
[EventCountry "BLR"]
[SourceTitle "CBM 185 Extra"]
[Source "ChessBase"]
[SourceDate "2018.07.29"]
[SourceVersion "1"]
[SourceVersionDate "2018.07.29"]
[SourceQuality "1"]

1. d4 Nf6 2. c4 e6 3. g3 Bb4+ 4. Bd2 Qe7 5. Bg2 Nc6 6. Nf3 Bxd2+ 7. Nbxd2 d6 8. e4 e5 9. d5 Nb8 10. b4 a5 11. a3 Na6 12. 0-0 0-0 13. Ne1 Ng4 14. h3 Nh6 15. Nd3 f5 16. f4 fxe4 17. Nxe4 exf4 18. Nxf4 Bf5 19. Re1 axb4 20. axb4 Nxb4 21. Rb1 Na6 22. Rxb7 Bxe4 23. Rxe4 Qf6 24. Ne6 Qf2+ 25. Kh2 Nc5 26. Nxc5 Qxc5 27. Re7 Ra2 28. Rbxc7 Rxg2+ 29. Kxg2 Qf2+ 30. Kh1 Nf5 31. Rxg7+ Nxg7 32. g4 Qg3 33. Qe2 Qxh3+ 34. Kg1 Qc3 35. Rd7 Rb8 36. Qf2 h6 37. Rxd6 Rb1+ 38. Kg2 Rb2 39. Rd8+ Kh7 0-1

[Event "Wch Seniors 65 26th"]
[Site "Marianske Lazne"]
[Date "2016.11.27"]
[Round "8"]
[White "Vikulov, Alexander Sergeevic"]
[Black "Anguera Maestro, Jaime"]
[Result "1-0"]
[WhiteElo "2275"]
[BlackElo "2081"]
[PlyCount "65"]
[EventDate "2016.11.19"]
[EventType "swiss"]
[EventRounds "11"]
[EventCountry "CZE"]
[SourceTitle "CBM 175 Extra"]
[Source "ChessBase"]
[SourceDate "2016.12.12"]
[SourceVersion "1"]
[SourceVersionDate "2016.12.12"]
[SourceQuality "1"]

1. e4 g6 2. d4 Bg7 3. Nc3 d6 4. Bg5 c6 5. f4 Qb6 6. Nge2 Qxb2 7. Rb1 Qa3 8. Qd2 Qa5 9. Nc1 Qc7 10. a4 e6 11. Be2 Ne7 12. 0-0 0-0 13. e5 d5 14. Nd3 Nf5 15. Nf2 f6 16. exf6 Bxf6 17. Bxf6 Rxf6 18. Ng4 Rf8 19. Ne5 Nd7 20. g4 Ng7 21. Bd3 Nxe5 22. fxe5 Bd7 23. Rf6 Be8 24. Qh6 Bf7 25. Rf3 Nf5 26. gxf5 exf5 27. Ne2 Rae8 28. Nf4 Re7 29. Kh1 Qd8 30. Rg1 Kh8 31. Rxg6 Bxg6 32. Nxg6+ Kg8 33. Nxf8 1-0

[Event "Karelia-ch"]
[Site "Petrozavodsk"]
[Date "2014.02.18"]
[Round "1"]
[White "Savolainen, Lev P"]
[Black "Vikulov, Alexander Sergeevic"]
[Result "1-0"]
[WhiteElo "2094"]
[BlackElo "2275"]
[PlyCount "37"]
[EventDate "2014.02.18"]
[EventType "swiss"]
[EventRounds "9"]
[EventCountry "RUS"]
[SourceTitle "EXT 2016"]
[Source "ChessBase"]
[SourceDate "2015.10.08"]
[SourceVersion "1"]
[SourceVersionDate "2015.10.08"]
[SourceQuality "1"]

1. d4 d5 2. c4 c6 3. Nf3 Bf5 4. Nc3 e6 5. e3 Nd7 6. Be2 Bb4 7. Qb3 Bxc3+ 8. bxc3 b6 9. Ba3 h6 10. 0-0 a5 11. cxd5 exd5 12. c4 Be6 13. Rfd1 Ngf6 14. Rac1 Qb8 15. Ne5 Nxe5 16. dxe5 dxc4 17. Bxc4 Bxc4 18. Qxc4 Nd7 19. Rxd7 1-0

[Event "Wch Seniors 23rd"]
[Site "Opatija"]
[Date "2013.11.23"]
[Round "11"]
[White "Haubt, Georg"]
[Black "Vikulov, Alexander Sergeevic"]
[Result "0-1"]
[WhiteElo "2206"]
[BlackElo "2290"]
[PlyCount "130"]
[EventDate "2013.11.12"]
[EventType "swiss"]
[EventRounds "11"]
[EventCountry "CRO"]
[SourceTitle "CBM 157 Extra"]
[Source "ChessBase"]
[SourceDate "2013.12.19"]
[SourceVersion "1"]
[SourceVersionDate "2013.12.19"]
[SourceQuality "1"]

1. e4 g6 2. d4 Bg7 3. Nc3 d6 4. Be3 a6 5. h3 b5 6. a3 Nd7 7. f4 Bb7 8. Nf3 e6 9. Bd3 c5 10. Qd2 cxd4 11. Nxd4 Nc5 12. Nf3 Nf6 13. Bxc5 dxc5 14. e5 b4 15. Na4 Nd7 16. Ng5 0-0 17. 0-0 Qc7 18. axb4 c4 19. Be4 h6 20. Bxb7 Qxb7 21. Nf3 Rfd8 22. Nd4 Bf8 23. c3 Nb8 24. Qe2 Nc6 25. Qe4 Rd5 26. Nf3 Rc8 27. Rfd1 Nxe5 28. Rd4 Nxf3+ 29. Qxf3 Qa7 30. Qf2 Rxd4 31. Qxd4 Qxd4+ 32. cxd4 Bxb4 33. Kf2 Bd2 34. Nc3 Rd8 35. Ne2 Rb8 36. Ra2 Rb3 37. Kf1 a5 38. Nc3 Bxc3 39. bxc3 Rxc3 40. Rxa5 Rd3 41. Ra8+ Kg7 42. Rd8 h5 43. Ke2 h4 44. Rd6 Kf8 45. Rc6 Rxd4 46. Ke3 Rd3+ 47. Ke4 Rc3 48. Ke5 Kg7 49. Ke4 Rc2 50. Kf3 Kf8 51. Rc7 Ke8 52. Ra7 Rc3+ 53. Kf2 Rd3 54. Rc7 c3 55. Ke2 Rg3 56. Kf2 Kd8 57. Rc4 f5 58. Ra4 Kd7 59. Kf1 Kd6 60. Ra2 Kd5 61. Re2 Kd4 62. Rxe6 c2 63. Re1 Kc3 64. Kf2 Kb2 65. Re2 Kb1 0-1

[Event "Wch Seniors 23rd"]
[Site "Opatija"]
[Date "2013.11.16"]
[Round "5"]
[White "Norman, Kenneth I"]
[Black "Vikulov, Alexander Sergeevic"]
[Result "1/2-1/2"]
[WhiteElo "2173"]
[BlackElo "2290"]
[PlyCount "95"]
[EventDate "2013.11.12"]
[EventType "swiss"]
[EventRounds "11"]
[EventCountry "CRO"]
[SourceTitle "CBM 157 Extra"]
[Source "ChessBase"]
[SourceDate "2013.12.19"]
[SourceVersion "1"]
[SourceVersionDate "2013.12.19"]
[SourceQuality "1"]

1. Nf3 d5 2. c4 d4 3. d3 c5 4. g3 Nc6 5. Bg2 e5 6. 0-0 Be7 7. b4 cxb4 8. a3 b3 9. Qxb3 Nf6 10. Nbd2 0-0 11. Rb1 Qc7 12. Qb5 Nd7 13. Ne4 b6 14. e3 dxe3 15. Bxe3 Rb8 16. Nc3 Bc5 17. Nd5 a6 18. Nxc7 axb5 19. Nxb5 h6 20. Nd2 Ne7 21. Ne4 Bxe3 22. fxe3 Bb7 23. Nbd6 Bc6 24. d4 f5 25. Nc3 Bxg2 26. Kxg2 exd4 27. exd4 g5 28. Rbe1 Rf6 29. Rxe7 Rxd6 30. Rxf5 Rxd4 31. Nd5 Rd2+ 32. Kh3 Rd8 33. Rff7 g4+ 34. Kxg4 Ne5+ 35. Rxe5 Kxf7 36. Re7+ Kf8 37. Rh7 Rd6 38. Kf5 Ra2 39. Nf4 Rc6 40. Ra7 Rc2 41. Ng6+ Ke8 42. Ne5 Rf2+ 43. Ke4 Rd6 44. Ke3 Rf1 45. Nd3 Rg1 46. Kf2 Ra1 47. Nf4 Ra2+ 48. Kf3 1/2-1/2

[Event "Wch Seniors 21st"]
[Site "Rijeka"]
[Date "2011.11.19"]
[Round "5"]
[White "Vikulov, Alexander Sergeevic"]
[Black "Sinelnikov, Igor"]
[Result "1/2-1/2"]
[WhiteElo "2321"]
[BlackElo "2162"]
[PlyCount "117"]
[EventDate "2011.11.15"]
[EventType "swiss"]
[EventRounds "11"]
[EventCountry "CRO"]
[SourceTitle "CBM 145 Extra"]
[Source "ChessBase"]
[SourceDate "2012.01.03"]
[SourceVersion "1"]
[SourceVersionDate "2012.01.03"]
[SourceQuality "1"]

1. d4 Nf6 2. Nf3 g6 3. g3 Bg7 4. Bg2 0-0 5. 0-0 d6 6. Nc3 Nbd7 7. e4 e5 8. d5 Nc5 9. Nh4 a5 10. Be3 b6 11. h3 h6 12. Qd2 g5 13. Bxc5 bxc5 14. Nf3 g4 15. hxg4 Nxg4 16. Nh4 Bf6 17. Nf5 Bg5 18. Qd1 Bxf5 19. exf5 Nf6 20. Be4 Rb8 21. Qe1 Rxb2 22. Bd3 Re8 23. Qe2 Qc8 24. a3 Kh8 25. Rfb1 Rxb1+ 26. Rxb1 e4 27. Bxe4 Nxe4 28. Nxe4 Qxf5 29. Nxd6 Rxe2 30. Nxf5 Re5 31. d6 cxd6 32. Nxd6 Kg7 33. Rb7 Re2 34. Nxf7 Kg6 35. Nxg5 hxg5 36. Rb5 Rxc2 37. Rxa5 Kf5 38. Ra4 Rc3 39. Kg2 Ke5 40. Kh3 Kd5 41. Kg4 Rc4+ 42. Rxc4 Kxc4 43. f4 gxf4 44. gxf4 Kb3 45. f5 c4 46. f6 c3 47. f7 c2 48. f8Q c1Q 49. Qb4+ Ka2 50. a4 Qc8+ 51. Kf4 Qc7+ 52. Ke4 Qh7+ 53. Kd5 Qd7+ 54. Kc4 Qc6+ 55. Kd3 Qf3+ 56. Kc2 Qf5+ 57. Kd1 Qf3+ 58. Kc1 Qc3+ 59. Qxc3 1/2-1/2

[Event "Wch Seniors 21st"]
[Site "Rijeka"]
[Date "2011.11.18"]
[Round "4"]
[White "Baeta, Marcio Netto"]
[Black "Vikulov, Alexander Sergeevic"]
[Result "1/2-1/2"]
[WhiteElo "2162"]
[BlackElo "2321"]
[PlyCount "39"]
[EventDate "2011.11.15"]
[EventType "swiss"]
[EventRounds "11"]
[EventCountry "CRO"]
[SourceTitle "CBM 145 Extra"]
[Source "ChessBase"]
[SourceDate "2012.01.03"]
[SourceVersion "1"]
[SourceVersionDate "2012.01.03"]
[SourceQuality "1"]

1. e4 d6 2. d3 c5 3. Be2 Nc6 4. f4 Nd4 5. Nf3 Nxe2 6. Qxe2 g6 7. c3 Qa5 8. Na3 Bg7 9. Nc4 Qc7 10. a4 b6 11. 0-0 Ba6 12. Ne3 e6 13. f5 h6 14. fxe6 fxe6 15. Nh4 Ne7 16. Nxg6 Nxg6 17. Qh5 0-0-0 18. Qxg6 Rhe8 19. Rf7 Re7 20. Rxg7 1/2-1/2

[Event "EU-ch Seniors 11th"]
[Site "Courmayeur"]
[Date "2011.04.14"]
[Round "9"]
[White "Vikulov, Alexander Sergeevic"]
[Black "Okhotnik, Vladimir"]
[Result "0-1"]
[WhiteElo "2316"]
[BlackElo "2458"]
[PlyCount "141"]
[EventDate "2011.04.06"]
[EventType "swiss"]
[EventRounds "9"]
[EventCountry "ITA"]
[SourceTitle "CBM 141 Extra"]
[Source "ChessBase"]
[SourceDate "2011.05.03"]
[SourceVersion "1"]
[SourceVersionDate "2011.05.03"]
[SourceQuality "1"]

1. d4 d6 2. Nf3 g6 3. c4 Bg7 4. g3 Nd7 5. Bg2 e5 6. Nc3 exd4 7. Nxd4 Ne7 8. 0-0 0-0 9. Bf4 Ne5 10. b3 h6 11. h4 Rb8 12. Qd2 Kh7 13. Rad1 Bg4 14. Nc2 Qc8 15. Kh2 Be6 16. Nd4 Bd7 17. a4 a6 18. Rfe1 N7c6 19. Nc2 Na5 20. Rb1 Bf5 21. e4 Bd7 22. Nd5 Nac6 23. a5 Bg4 24. Re3 f6 25. f3 Bd7 26. g4 Qd8 27. Rh1 h5 28. gxh5 g5 29. Bg3 Bh6 30. Kg1 Rf7 31. Ne1 Be6 32. Rc3 Nxa5 33. f4 gxf4 34. Bxf4 Qf8 35. Rg3 Nac6 36. Bh3 Bxh3 37. Rhxh3 Bxf4 38. Qxf4 Qh6 39. Qf5+ Kh8 40. Kh1 Nd4 41. Qf2 c5 42. Nf4 Rg8 43. Rxg8+ Kxg8 44. Rg3+ Rg7 45. Nd5 Rxg3 46. Qxg3+ Kf7 47. Nf4 Qg7 48. Ng6 Nxg6 49. hxg6+ Qxg6 50. Qxd6 Qxe4+ 51. Ng2 Nf3 52. Qd5+ Qxd5 53. cxd5 Ke7 54. h5 Kd6 55. h6 Ng5 56. Ne3 b5 57. Kg2 Ke5 58. Kg3 f5 59. Kh4 Nf7 60. h7 f4 61. Ng4+ Kxd5 62. Kh5 f3 63. Kg6 Ke6 64. Kg7 a5 65. Nh6 f2 66. Nxf7 f1Q 67. Nd8+ Kd5 68. h8Q Qa1+ 69. Kg8 a4 70. bxa4 bxa4 71. Nb7 0-1

[Event "EU-ch Seniors 11th"]
[Site "Courmayeur"]
[Date "2011.04.11"]
[Round "6"]
[White "Nickl, Klaus"]
[Black "Vikulov, Alexander Sergeevic"]
[Result "0-1"]
[WhiteElo "2140"]
[BlackElo "2316"]
[PlyCount "103"]
[EventDate "2011.04.06"]
[EventType "swiss"]
[EventRounds "9"]
[EventCountry "ITA"]
[SourceTitle "CBM 141 Extra"]
[Source "ChessBase"]
[SourceDate "2011.05.03"]
[SourceVersion "1"]
[SourceVersionDate "2011.05.03"]
[SourceQuality "1"]

1. d4 g6 2. Nf3 Bg7 3. e3 d6 4. Be2 Nf6 5. 0-0 Nbd7 6. c4 b6 7. Nc3 Bb7 8. Qc2 0-0 9. b4 c5 10. bxc5 dxc5 11. Rd1 Qc7 12. Bb2 cxd4 13. exd4 Rac8 14. Nb5 Qb8 15. Qb3 Ne4 16. a4 Ba8 17. Rab1 Rfe8 18. Qe3 Nd6 19. Rbc1 Nf5 20. Qd2 Bh6 21. Qc3 Bxc1 22. Rxc1 f6 23. Qd2 a6 24. Nc3 Kg7 25. d5 Nc5 26. Re1 Nb3 27. Qd1 Na5 28. Nd4 Nxc4 29. Nxf5+ gxf5 30. Bc1 Ne5 31. Qd2 f4 32. Ne4 Nc4 33. Qd4 Qe5 34. Qxe5 fxe5 35. Bg4 Rcd8 36. Bh5 Rg8 37. a5 b5 38. Nc5 Bxd5 39. Nxa6 Kf6 40. g3 Bf7 41. Be2 Ra8 42. Nb4 Rxa5 43. Nc6 Ra2 44. Bxc4 Bxc4 45. Nxe5 fxg3 46. hxg3 Re2 47. Rxe2 Bxe2 48. Bb2 Ke6 49. Nc6 Bd3 50. Ne5 Bc4 51. Kg2 Ra8 52. Nc6 0-1

[Event "Politiken Cup 27th"]
[Site "Copenhagen"]
[Date "2005.07.19"]
[Round "5"]
[White "Nilsson, Anders1"]
[Black "Vikulov, Alexander Sergeevic"]
[Result "1-0"]
[WhiteElo "2181"]
[BlackElo "2333"]
[PlyCount "57"]
[EventDate "2005.07.16"]
[EventType "swiss"]
[EventRounds "10"]
[EventCountry "DEN"]
[SourceTitle "CBM 107 Extra"]
[Source "ChessBase"]
[SourceDate "2005.09.01"]
[SourceVersion "1"]
[SourceVersionDate "2005.09.01"]
[SourceQuality "1"]

1. d4 d5 2. c4 e6 3. Nc3 c5 4. e3 Nf6 5. Nf3 a6 6. a3 Nc6 7. Bd3 dxc4 8. Bxc4 b5 9. Ba2 Bb7 10. 0-0 Be7 11. d5 exd5 12. Nxd5 Nxd5 13. Bxd5 Na5 14. e4 Bxd5 15. exd5 c4 16. Bf4 0-0 17. d6 Bf6 18. Qc2 Nb3 19. Rad1 Nc5 20. b4 Nd3 21. Rxd3 cxd3 22. Qxd3 Rc8 23. d7 Rc3 24. Qd5 Qa8 25. Qxa8 Rxa8 26. Re1 Rf8 27. Bd6 Rd3 28. Bxf8 Rxd7 29. Bc5 1-0

[Event "Politiken Cup 27th"]
[Site "Copenhagen"]
[Date "2005.07.18"]
[Round "4"]
[White "Vikulov, Alexander Sergeevic"]
[Black "Schmied, Andreas"]
[Result "1-0"]
[WhiteElo "2333"]
[BlackElo "2085"]
[PlyCount "95"]
[EventDate "2005.07.16"]
[EventType "swiss"]
[EventRounds "10"]
[EventCountry "DEN"]
[SourceTitle "CBM 107 Extra"]
[Source "ChessBase"]
[SourceDate "2005.09.01"]
[SourceVersion "1"]
[SourceVersionDate "2005.09.01"]
[SourceQuality "1"]

1. e4 c5 2. Nf3 d6 3. d4 cxd4 4. Nxd4 Nf6 5. f3 e5 6. Nb5 a6 7. N5c3 Be6 8. Nd5 Nxe4 9. fxe4 Qh4+ 10. Kd2 Bxd5 11. exd5 g6 12. c3 Bg7 13. a4 Nd7 14. Kc2 0-0 15. Nd2 Nb6 16. g3 Qe7 17. Nc4 Nxc4 18. Bxc4 Rac8 19. Be2 f5 20. Be3 g5 21. Rf1 f4 22. Bb6 e4 23. Bg4 Qf6 24. Be6+ Kh8 25. Bd4 Qxd4 26. Qxd4 Bxd4 27. Bxc8 Rxc8 28. gxf4 g4 29. f5 h5 30. Rae1 Be5 31. Rxe4 Kg7 32. Re2 Rc5 33. Rd2 Kf6 34. Rff2 Rc4 35. Kb3 b5 36. axb5 axb5 37. Rde2 h4 38. Kc2 g3 39. hxg3 hxg3 40. Rf1 Rh4 41. Kd3 b4 42. Rg2 bxc3 43. bxc3 Ra4 44. Rf3 Ra3 45. Kc4 Ra8 46. Rgxg3 Bxg3 47. Rxg3 Kxf5 48. Re3 1-0

[Event "Rezvyakov mem email"]
[Site "RCCA Email"]
[Date "2003.03.01"]
[Round "?"]
[White "Kazoks, Aivars E"]
[Black "Vikulov, Alexander Sergeevic"]
[Result "1/2-1/2"]
[WhiteElo "2475"]
[BlackElo "2200"]
[PlyCount "105"]
[EventDate "2003.03.01"]
[EventType "tourn (corr)"]
[EventRounds "12"]
[EventCountry "RUS"]
[SourceTitle "Corr 2008"]
[Source "ChessBase"]
[SourceDate "2008.06.24"]
[SourceVersion "1"]
[SourceVersionDate "2008.06.24"]
[SourceQuality "1"]

1. c4 c5 2. Nf3 Nc6 3. g3 g6 4. Bg2 Bg7 5. Nc3 e6 6. d4 Nxd4 7. Nxd4 cxd4 8. Ne4 d5 9. Qa4+ Kf8 10. cxd5 exd5 11. Nc5 Ne7 12. Bf4 h6 13. 0-0 g5 14. Bd2 Bf6 15. e4 b6 16. Nd3 dxe4 17. Bxe4 Bh3 18. f4 Bxf1 19. Rxf1 Qe8 20. Qa3 g4 21. Bxa8 Qxa8 22. Re1 Qb7 23. Bb4 h5 24. Nf2 d3 25. Qxd3 Kg7 26. Bc3 Nd5 27. Be5 Qc6 28. Ne4 Bxe5 29. fxe5 Nc7 30. Nd6 Qc5+ 31. Kf1 Ne6 32. Qf5 Qc7 33. b4 Kg8 34. Re2 Rh6 35. Rc2 Qe7 36. a3 a6 37. Rc8+ Nf8 38. Ne8 Qe6 39. Qxe6 fxe6 40. Ra8 a5 41. b5 Ng6 42. Nd6+ Kg7 43. Nc4 h4 44. a4 hxg3 45. hxg3 Rh1+ 46. Kg2 Re1 47. Ra7+ Kh6 48. Rf7 Kg5 49. Rf6 Rc1 50. Nxb6 Nxe5 51. Rxe6 Kf5 52. Re7 Rc2+ 53. Kf1 1/2-1/2

[Event "Rezvyakov mem email"]
[Site "RCCA Email"]
[Date "2003.03.01"]
[Round "?"]
[White "Ruemmele, Michael"]
[Black "Vikulov, Alexander Sergeevic"]
[Result "1/2-1/2"]
[WhiteElo "2520"]
[BlackElo "2200"]
[PlyCount "77"]
[EventDate "2003.03.01"]
[EventType "tourn (corr)"]
[EventRounds "12"]
[EventCountry "RUS"]
[SourceTitle "Corr 2008"]
[Source "ChessBase"]
[SourceDate "2008.06.24"]
[SourceVersion "1"]
[SourceVersionDate "2008.06.24"]
[SourceQuality "1"]

1. e4 c5 2. Nf3 Nc6 3. d4 cxd4 4. Nxd4 Nf6 5. Nc3 e5 6. Ndb5 d6 7. Bg5 a6 8. Na3 b5 9. Bxf6 gxf6 10. Nd5 f5 11. c3 Bg7 12. exf5 Bxf5 13. Nc2 Be6 14. g3 0-0 15. Bg2 a5 16. 0-0 f5 17. Qe2 Rb8 18. Rfd1 Kh8 19. Na3 Na7 20. Rac1 Qd7 21. b4 axb4 22. cxb4 Rfc8 23. Rxc8+ Nxc8 24. Bf1 Na7 25. Qd2 Qf7 26. Bg2 Nc6 27. Nf4 exf4 28. Bxc6 fxg3 29. hxg3 Be5 30. Nxb5 f4 31. Nxd6 Qh5 32. Re1 fxg3 33. f4 Bxd6 34. Qd4+ Kg8 35. Rxe6 Rxb4 36. Re8+ Kf7 37. Qa7+ Kf6 38. Re6+ Kxe6 39. Qd7+ 1/2-1/2

[Event "Rezvyakov mem email"]
[Site "RCCA Email"]
[Date "2003.03.01"]
[Round "?"]
[White "Vikulov, Alexander Sergeevic"]
[Black "Hase, Michael"]
[Result "1-0"]
[WhiteElo "2200"]
[BlackElo "2520"]
[PlyCount "85"]
[EventDate "2003.03.01"]
[EventType "tourn (corr)"]
[EventRounds "12"]
[EventCountry "RUS"]
[SourceTitle "Corr 2008"]
[Source "ChessBase"]
[SourceDate "2008.06.24"]
[SourceVersion "1"]
[SourceVersionDate "2008.06.24"]
[SourceQuality "1"]

1. d4 Nf6 2. c4 e6 3. g3 d5 4. Bg2 dxc4 5. Nf3 Nc6 6. Qa4 Qd5 7. 0-0 Bd7 8. Nc3 Qh5 9. Qxc4 Bd6 10. e4 e5 11. d5 Na5 12. Qd3 0-0 13. Nh4 a6 14. h3 g5 15. Nf5 g4 16. h4 b5 17. Bh6 Rfe8 18. Bg5 Bxf5 19. exf5 Nd7 20. Ne4 f6 21. Bxf6 h6 22. f3 Qf7 23. Qd2 Nxf6 24. Qxa5 gxf3 25. Bxf3 Kh8 26. Qd2 Qg7 27. Kh2 Rg8 28. Rg1 Rad8 29. Rac1 c5 30. b3 Nxe4 31. Bxe4 Qf6 32. Qe2 Rg7 33. Qh5 Be7 34. Kh3 Rdg8 35. g4 Rh7 36. Rg3 Rg5 37. hxg5 hxg5 38. Qxh7+ Kxh7 39. Kg2 Kg7 40. Rf3 Kf7 41. Rh1 Bf8 42. Rh7+ Bg7 43. d6 1-0